Statistics for Australian Federal Divisions in 1901

Click here to take the quiz!

General Stats

  • This quiz has been taken 13 times
  • The average score is 37 of 65

Answers on the Map

Answers color-coded by a green-red scale on the quiz's map according to % correct below.
 

Answer Stats

AnswerState% Correct
BrisbaneQLD
100%
MelbourneVIC
100%
PerthWA
100%
FremantleWA
83%
NewcastleNSW
83%
South SydneyNSW
83%
BalaclavaVIC
67%
BallaaratVIC
67%
BendigoVIC
67%
CapricorniaQLD
67%
CorangamiteVIC
67%
CorioVIC
67%
CowperNSW
67%
DarlingNSW
67%
Darling DownsQLD
67%
East SydneyNSW
67%
Eden-MonaroNSW
67%
GippslandVIC
67%
GwydirNSW
67%
HerbertQLD
67%
HunterNSW
67%
IndiVIC
67%
KalgoorlieWA
67%
KennedyQLD
67%
KooyongVIC
67%
MaranoaQLD
67%
Melbourne PortsVIC
67%
New EnglandNSW
67%
North SydneyNSW
67%
ParkesNSW
67%
South AustraliaSA
67%
TasmaniaTAS
67%
WannonVIC
67%
WentworthNSW
67%
WerriwaNSW
67%
West SydneyNSW
67%
Wide BayQLD
67%
CoolgardieWA
50%
DalleyNSW
50%
EchucaVIC
50%
MacquarieNSW
50%
MoretonQLD
50%
OxleyQLD
50%
ParramattaNSW
50%
RichmondNSW
50%
RiverinaNSW
50%
SwanWA
50%
YarraVIC
50%
BlandNSW
33%
BourkeVIC
33%
CanobolasNSW
33%
CorinellaVIC
33%
FlindersVIC
33%
HumeNSW
33%
IllawarraNSW
33%
LaanecoorieVIC
33%
MoiraVIC
33%
Northern MelbourneVIC
33%
RobertsonNSW
33%
Southern MelbourneVIC
33%
WimmeraVIC
33%
BarrierNSW
17%
GrampiansVIC
17%
LangNSW
17%
MerndaVIC
17%

Score Distribution

Percentile by Number Answered

Percent of People with Each Score

Your Score History

You have not taken this quiz